banner-ar

التجديد والتاصيل فى عمارة المجتمعات الاسلامية: دراسة لتجربة جائزة الاغاخان للعمارة0 / (Record no. 44504)

MARC details
000 -الفاتح
حقل البيانات ثابتة الطول 00676nam a2200181Ia 4500
008 - عناصر البيانات ثابتة الطول - معلومات عامة
حقل البيانات ثابتة الطول 140319s9999 xx 000 0 ara d
040 ## - مصدر الفهرسة
وكالة الفهرسة الأصلية GCL /
وكالة النسخ GCL
082 04 - رقم تصنيف ديوى العشرى
رقم التصنيف 722
رقم المادة ات
100 1# - المدخل الرئيسى - إسم شخصى
الإسم الشخصى اسماعيل سراج الدين
245 10 - بيان العنوان
العنوان التجديد والتاصيل فى عمارة المجتمعات الاسلامية: دراسة لتجربة جائزة الاغاخان للعمارة0 /
بيان المسئوليه,etc اسماعيل سراج الدين
260 ## - PUBLICATION, DISTRIBUTION, ETC. (IMPRINT)
تاريخ النشر أو التوزيع 1989
300 ## - الوصف المادى
التعداد 175 ص
490 ## - بيان السلسلة
عنوان السلسلة
650 04 - المدخل الاضافى بالموضوع-مصطلح موضوعى
مصطلح موضوعي العمارة والمجتمع الاسلامى
650 04 - المدخل الاضافى بالموضوع-مصطلح موضوعى
مصطلح موضوعي العمارة الاسلامية
942 ## - عناصر المدخل الإضافي( كوها)
مصدر التصنيف او مخطط الترفيف Dewey Decimal Classification
Koha [default] item type كتاب
260 ## - PUBLICATION, DISTRIBUTION, ETC. (IMPRINT)
-- [S.N] :
-- جامعة اسيوط ،
Holdings
حالة التراجع حالة الفقد حالة تلف ليس للاعارة المكان المؤقت الموقع الحالى تاريخ الاكتساب اجمالي اﻻعارات رقم الطلب الباركود تاريخ اخر مشاهدة تاريخ تفعيل السعر نوع وعاء كوها
        مكتبة القاهرة الكبرى مكتبة القاهرة الكبرى 03/26/2014   722\ات 108579 03/26/2014 03/26/2014 كتاب

Powered By

EGPV